000
00272nam a2200109Ia 4500
008
200302s9999 xx 000 0 und d
100
_a
Markus Sebastian Braun (Ed.)
245
_a
Facades: Architectural Details
260
_b
Braun Publishers
260
_c
2008
300
_a
160
999
_c
4435
_d
4435